| 000 | 00905cam a22002655a 4500 | ||
|---|---|---|---|
| 001 | 17494397 | ||
| 005 | 20160313140147.0 | ||
| 008 | 121015t2013 nyua frb 001 0 eng d | ||
| 020 | _a9781461443759 | ||
| 040 |
_aDLC _cDLC _dDLC _dEG-ScBUE _beng |
||
| 082 | 0 | 4 |
_222 _a610.28 _bMIC |
| 245 | 1 | 0 |
_aMicro and nano flow systems for bioanalysis / _ceditors Michael W. Collins, Carola Konig. |
| 260 |
_aNew York : _bSpringer, _cc.2013. |
||
| 300 |
_axiii, 211 p. : _bill. ; _c24 cm. |
||
| 490 | 0 | _aBioanalysis : advanced materials, methods, and devices. | |
| 500 | _aIndex : p. 207-211. | ||
| 504 | _aIncludes bibliographical references. | ||
| 650 | 0 |
_2BUEsh _aBiomedical engineering. _94313 |
|
| 650 | 7 |
_937834 _aMicrofluidics. _2BUEsh |
|
| 650 | 7 |
_937833 _aNanofluids. _2BUEsh |
|
| 653 |
_bPPhrm _cMarch2016 |
||
| 700 | 1 |
_aCollins, Michael W. , _eeditor. |
|
| 700 | 1 |
_aKonig, Carola, _eeditor. |
|
| 942 | _2ddc | ||
| 999 |
_c21384 _d21356 |
||